01849nam a22003615a 4500001001000000003000400010005001700014008004100031020002500072020002500097040002800122082002100150245007400171250001200245260005100257300003300308500002200341504003100363650004000394651001000434653003900444655002400483700002900507942002500536999001700561952013400578952013500712952013500847952013600982952011901118952013101237952011901368015362253OSt20151015131826.0090826t2010 nyua frb 001 0 eng d a9781848728813 (hbk.) a9781848728820 (pbk.) aEG-ScBUEbengcEG-ScBUE04a320.019bINT22200aIntroduction to political psychology /cMartha L. Cottam ... [et al.] a2nd ed. aNew York ;aHove :bPsychology Press,cc.2010. axi, 404 p. :bill. ;c26 cm. aIncludes indexes. aBibliography : p. 345-394. 0aPolitical psychology.9337472BUEsh 2BUEsh bBUSBOLcSeptember2013cOctober2015 vReading book9342321 aCottam, Martha L.933748 2ddccBBk320.019 INT c17551d17523 00102ddc40708BaccahaMAINbMAINc1STd2013-09-25epurchasel9m8o320.019 INTp000028949r2025-07-15 00:00:00s2014-11-03yNB 00102ddc40708BaccahaMAINbMAINc1STd2013-09-25epurchasel9m26o320.019 INTp000028950r2025-07-15 00:00:00s2015-03-25yBB 00102ddc40708BaccahaMAINbMAINc1STd2013-09-25epurchasel3m24o320.019 INTp000028951r2025-07-15 00:00:00s2014-11-05yBB 00102ddc40708BaccahaMAINbMAINc1STd2013-09-25epurchasel13m17o320.019 INTp000028953r2025-07-15 00:00:00s2019-10-14yBB 00102ddc40708BaccahaMAINbMAINc1STd2015-10-15ePurchasel0o320.019 INTp000039928r2025-07-15 00:00:00yBB 00102ddc40708BaccahaMAINbMAINc1STd2015-10-15ePurchasel2o320.019 INTp000039929r2025-07-15 00:00:00s2023-09-26yBB 00102ddc40708BaccahaMAINbMAINc1STd2015-10-15ePurchasel0o320.019 INTp000039930r2025-07-15 00:00:00yBB